[Event "43. Torneo de Ajedrez Villa de Mislata"]
[Site "Mislata ESP"]
[Date "2009.08.26"]
[Round "3.14"]
[White "Alonso Moyano, Jonathan"]
[Black "Puerto Traver, Juan Manuel"]
[Result "1-0"]
[WhiteElo "2365"]
[BlackElo "2155"]
[PlyCount "63"]
[EventDate "2009.08.24"]
[EventType "swiss"]
[EventRounds "9"]
[EventCountry "ESP"]
[Source "lmi"]
[SourceDate "2009.08.24"]

1. e4 g6 2. d4 Bg7 3. Nc3 d6 4. f4 c6 5. Be3 Qb6 6. Rb1 e5 7. Nge2 Bg4 8. Qd2
Qb4 9. a3 Qa5 10. fxe5 dxe5 11. d5 Nf6 12. b3 Bxe2 13. Bxe2 cxd5 14. Nxd5 Qxd2+
15. Bxd2 Nxd5 16. exd5 Nd7 17. O-O Rc8 18. c4 f5 19. g4 O-O 20. gxf5 gxf5 21.
b4 b6 22. Kh1 e4 23. Rg1 Kh8 24. Rbf1 Rce8 25. Be3 Be5 26. Bh6 f4 27. Bg4 Nf6
28. Be6 Nh5 29. Bxf8 Rxf8 30. Rg5 Bd4 31. Rxh5 f3 32. Rf5 1-0

[Event "43. Torneo de Ajedrez Villa de Mislata"]
[Site "Mislata ESP"]
[Date "2009.08.26"]
[Round "3.15"]
[White "Battaglini, Gabriel"]
[Black "Gerasimovitch, Olga"]
[Result "1-0"]
[WhiteElo "2345"]
[BlackElo "2128"]
[PlyCount "41"]
[EventDate "2009.08.24"]
[EventType "swiss"]
[EventRounds "9"]
[EventCountry "ESP"]
[Source "lmi"]
[SourceDate "2009.08.24"]

1. d4 d5 2. c4 c6 3. e3 g6 4. Nc3 Nf6 5. Nf3 Bg7 6. h3 O-O 7. Be2 a6 8. a3 b5
9. cxd5 cxd5 10. Ne5 Bb7 11. Nd3 Nbd7 12. a4 Qb6 13. O-O Ne4 14. Qb3 Nxc3 15.
bxc3 bxa4 16. Qxb6 Nxb6 17. Rb1 Nc4 18. Rxb7 a3 19. Nb4 Rfb8 20. Rxb8+ Rxb8 21.
Bxc4 1-0

[Event "43. Torneo de Ajedrez Villa de Mislata"]
[Site "Mislata ESP"]
[Date "2009.08.26"]
[Round "3.16"]
[White "Rodriguez Ferrer, Pablo"]
[Black "Garcia, Jhoel"]
[Result "0-1"]
[WhiteElo "2078"]
[BlackElo "2341"]
[PlyCount "52"]
[EventDate "2009.08.24"]
[EventType "swiss"]
[EventRounds "9"]
[EventCountry "ESP"]
[Source "lmi"]
[SourceDate "2009.08.24"]

1. e4 c5 2. Nc3 Nc6 3. g3 g6 4. Bg2 Bg7 5. d3 d6 6. f4 Nh6 7. f5 gxf5 8. Qh5
Ng4 9. exf5 Nf6 10. Qg5 h6 11. Qd2 Bxf5 12. Nge2 Qd7 13. Nf4 h5 14. b3 O-O-O
15. Bb2 h4 16. Ncd5 h3 17. Bf3 Ne5 18. Bxe5 dxe5 19. Nxf6 Bxf6 20. Nd5 e4 21.
Nxf6 exf6 22. Be2 exd3 23. cxd3 Qd4 24. Rc1 Rhe8 25. Qf4 Qxf4 26. gxf4 Bxd3 0-1

[Event "43. Torneo de Ajedrez Villa de Mislata"]
[Site "Mislata ESP"]
[Date "2009.08.26"]
[Round "3.17"]
[White "Navarro Diaz, Carles"]
[Black "Garcia Molla, Victor"]
[Result "0-1"]
[WhiteElo "2047"]
[BlackElo "2328"]
[PlyCount "136"]
[EventDate "2009.08.24"]
[EventType "swiss"]
[EventRounds "9"]
[EventCountry "ESP"]
[Source "lmi"]
[SourceDate "2009.08.24"]

1. d4 e6 2. c4 f5 3. Nc3 Nf6 4. Bg5 Bb4 5. Qb3 a5 6. Bxf6 Qxf6 7. O-O-O Bxc3 8.
Qxc3 b6 9. e4 fxe4 10. Qe3 Bb7 11. f3 exf3 12. Nxf3 O-O 13. Kb1 Qf4 14. Qc3
Bxf3 15. gxf3 Nc6 16. Rg1 Nb4 17. Rd2 Rf7 18. Rdg2 Raf8 19. a3 Nc6 20. Rg4 Qxf3
21. Bd3 Qf6 22. Qc2 Nxd4 23. Bxh7+ Kh8 24. Qd3 Nf5 25. Bg6 Nh6 26. Qh3 Qf3 27.
R4g3 Qf4 28. Bxf7 Rxf7 29. Qg2 Nf5 30. Rh3+ Nh6 31. Qg6 Qf5+ 32. Qxf5 Rxf5 33.
Kc2 Rf6 34. Rhg3 Nf5 35. Rg6 Rf7 36. Kd3 Kg8 37. R1g4 Kf8 38. h4 Ke7 39. h5 d6
40. Re4 e5 41. Re1 Nd4 42. Reg1 Ne6 43. Ke3 Nd4 44. Ke4 Rf4+ 45. Kd3 Nf5 46.
R6g4 Rf2 47. R1g2 Rf1 48. Ke2 Rb1 49. Kf3 Nd4+ 50. Kg3 Ne6 51. Rg6 Nf4 52.
Rxg7+ Kf6 53. h6 Nxg2 54. Kxg2 Rxb2+ 55. Kg1 Rb3 56. Rxc7 Rh3 57. h7 Kf5 58.
Rd7 e4 59. Rxd6 Rxh7 60. Rxb6 Rc7 61. Rb5+ Kf4 62. Rxa5 Rxc4 63. Rh5 Ke3 64.
Rh3+ Kd2 65. Rh2+ Kd3 66. Ra2 e3 67. a4 Rc1+ 68. Kg2 e2 0-1

[Event "43. Torneo de Ajedrez Villa de Mislata"]
[Site "Mislata ESP"]
[Date "2009.08.26"]
[Round "3.18"]
[White "Torres Sanchez, Jose"]
[Black "Silva Rodriguez, Julio"]
[Result "1-0"]
[WhiteElo "2322"]
[BlackElo "1990"]
[PlyCount "73"]
[EventDate "2009.08.24"]
[EventType "swiss"]
[EventRounds "9"]
[EventCountry "ESP"]
[Source "lmi"]
[SourceDate "2009.08.24"]

1. Nf3 d5 2. d4 c6 3. c4 Nf6 4. Nc3 dxc4 5. a4 Bf5 6. e3 e6 7. Bxc4 Bb4 8. O-O
O-O 9. Qe2 Bg6 10. Ne5 Nbd7 11. Nxg6 hxg6 12. Rd1 Qa5 13. e4 e5 14. d5 Nb6 15.
dxc6 bxc6 16. Na2 Rfd8 17. Bb3 Nbd7 18. Qc4 Bc5 19. Qxf7+ Kh7 20. Bg5 Bxf2+ 21.
Kh1 Rf8 22. Qe6 Nc5 23. Qh3+ Nh5 24. Bc2 Qa6 25. b4 Qc4 26. Nc3 Bd4 27. Bd2 Rf2
28. bxc5 Rxd2 29. Rxd2 Qxc3 30. Rad1 Qxh3 31. gxh3 Nf4 32. Rxd4 exd4 33. Rxd4
Nxh3 34. e5 Ng5 35. Rh4+ Kg8 36. Bb3+ Nf7 37. Rf4 1-0

[Event "43. Torneo de Ajedrez Villa de Mislata"]
[Site "Mislata ESP"]
[Date "2009.08.26"]
[Round "3.19"]
[White "Silva Rodriguez, Fernando"]
[Black "Pardo Simon, David"]
[Result "0-1"]
[WhiteElo "2010"]
[BlackElo "2321"]
[PlyCount "102"]
[EventDate "2009.08.24"]
[EventType "swiss"]
[EventRounds "9"]
[EventCountry "ESP"]
[Source "lmi"]
[SourceDate "2009.08.24"]

1. e4 c5 2. Nf3 e6 3. d4 cxd4 4. Nxd4 a6 5. c4 Nf6 6. Nc3 Qc7 7. Bd3 b6 8. O-O
Be7 9. Be3 d6 10. Rc1 O-O 11. f3 Bb7 12. Qd2 Nbd7 13. Rfd1 Rac8 14. Bf1 Qb8 15.
Kh1 Bd8 16. Bg1 Bc7 17. Rc2 Rfe8 18. b4 h5 19. a4 Ne5 20. Ra1 h4 21. a5 bxa5
22. bxa5 Qa8 23. Na4 h3 24. Nb6 hxg2+ 25. Bxg2 Bxb6 26. axb6 Nxc4 27. Qb4 d5
28. Nb5 a5 29. Qb3 Red8 30. Nc7 Qb8 31. Rxc4 dxc4 32. Qxc4 Ne8 33. Rc1 Rd6 34.
Qb5 Nxc7 35. bxc7 Rxc7 36. Rb1 Qa8 37. Be3 Rcd7 38. Kg1 Rd1+ 39. Kf2 Rxb1 40.
Qxb1 a4 41. Bf1 a3 42. Bc4 Rc7 43. Bb3 Ba6 44. Qa2 Bb5 45. Bf4 Rc6 46. Bd2 Qa7+
47. Be3 Qa6 48. Bd2 Bc4 49. Bxc4 Rxc4 50. Kg3 Qa4 51. Qa1 a2 0-1

[Event "43. Torneo de Ajedrez Villa de Mislata"]
[Site "Mislata ESP"]
[Date "2009.08.26"]
[Round "3.20"]
[White "Martinez Martinez, Jesus"]
[Black "Abreu Delgado, Aryam"]
[Result "0-1"]
[WhiteElo "1933"]
[BlackElo "2487"]
[PlyCount "72"]
[EventDate "2009.08.24"]
[EventType "swiss"]
[EventRounds "9"]
[EventCountry "ESP"]
[Source "lmi"]
[SourceDate "2009.08.24"]

1. Nf3 c5 2. c4 Nc6 3. Nc3 e5 4. d3 g6 5. g3 Bg7 6. Bg2 Nge7 7. O-O d6 8. h3
O-O 9. e4 f5 10. Nd5 h6 11. Bd2 Rb8 12. Bc3 b5 13. Nxe7+ Nxe7 14. b3 Be6 15.
Kh2 Qd7 16. Nd2 a6 17. Qe2 Rf7 18. Nf3 Rbf8 19. Ng1 Nc6 20. Rac1 f4 21. gxf4
Rxf4 22. f3 Nd4 23. Bxd4 exd4 24. Qf2 Be5 25. Kh1 g5 26. cxb5 axb5 27. Qe2 Rh4
28. Rc2 Qf7 29. f4 Rxf4 30. Nf3 Bg7 31. Nh2 Rxf1+ 32. Nxf1 Be5 33. Rc1 Qf4 34.
Rd1 g4 35. h4 g3 36. Qh5 Kg7 0-1

[Event "43. Torneo de Ajedrez Villa de Mislata"]
[Site "Mislata ESP"]
[Date "2009.08.26"]
[Round "4.1"]
[White "Korneev, Oleg"]
[Black "Alonso Moyano, Jonathan"]
[Result "1-0"]
[WhiteElo "2537"]
[BlackElo "2365"]
[PlyCount "81"]
[EventDate "2009.08.24"]
[EventType "swiss"]
[EventRounds "9"]
[EventCountry "ESP"]
[Source "lmi"]
[SourceDate "2009.08.24"]

1. e4 c5 2. Nf3 d6 3. d4 cxd4 4. Nxd4 Nf6 5. Nc3 a6 6. Be3 e6 7. f3 b5 8. Qd2
Bb7 9. g4 Nbd7 10. g5 Nh5 11. O-O-O Nb6 12. Qf2 b4 13. Nce2 Nc4 14. Ng3 Nxe3
15. Qxe3 Nxg3 16. hxg3 g6 17. Bc4 Qb6 18. Kb1 Bg7 19. Bb3 Bc6 20. Rd3 Rb8 21.
Qd2 Bd7 22. f4 Qc5 23. f5 Qe5 24. f6 Bf8 25. Re1 h6 26. Nf3 Qc5 27. e5 hxg5 28.
exd6 Rb6 29. Nxg5 Rxd6 30. Ne4 Rxd3 31. Qxd3 Qc6 32. Ba4 Qc7 33. Qxa6 Bxa4 34.
Qxa4+ Qd7 35. Qa8+ Qd8 36. Qb7 Rh5 37. c4 Qd3+ 38. Ka1 Qxc4 39. Qb8+ Kd7 40.
Qxf8 Qxe4 41. Rc1 1-0

[Event "43. Torneo de Ajedrez Villa de Mislata"]
[Site "Mislata ESP"]
[Date "2009.08.26"]
[Round "4.2"]
[White "Kovacevic, Slobodan"]
[Black "Ortiz Suarez, Isan Reynaldo"]
[Result "1/2-1/2"]
[WhiteElo "2372"]
[BlackElo "2504"]
[PlyCount "78"]
[EventDate "2009.08.24"]
[EventType "swiss"]
[EventRounds "9"]
[EventCountry "ESP"]
[Source "lmi"]
[SourceDate "2009.08.24"]

1. d4 c5 2. e3 g6 3. c3 Bg7 4. Nf3 Qc7 5. Nbd2 Nf6 6. Bd3 O-O 7. O-O d5 8. Re1
Nc6 9. dxc5 Nd7 10. Nb3 Nce5 11. Nxe5 Bxe5 12. h3 Nxc5 13. Nxc5 Qxc5 14. e4 Rd8
15. Qe2 d4 16. c4 Qc7 17. Bd2 a5 18. b3 Be6 19. a4 h5 20. Rf1 Bh2+ 21. Kh1 Bf4
22. Ra2 Ra6 23. Rd1 Kg7 24. Bxf4 Qxf4 25. Qd2 g5 26. Qe2 h4 27. f3 Rb6 28. Rb2
Rb4 29. Rbb1 Bc8 30. e5 Rb6 31. Re1 Bf5 32. Bxf5 Qxf5 33. Qd2 Rb4 34. Re4 d3
35. Qc3 d2 36. Rd1 Kg6 37. Rxd2 Rxd2 38. Qxd2 Rxb3 39. Kh2 b6 1/2-1/2

[Event "43. Torneo de Ajedrez Villa de Mislata"]
[Site "Mislata ESP"]
[Date "2009.08.26"]
[Round "4.3"]
[White "Garcia, Jhoel"]
[Black "Gomez Garrido, Camilo"]
[Result "1/2-1/2"]
[WhiteElo "2341"]
[BlackElo "2461"]
[PlyCount "124"]
[EventDate "2009.08.24"]
[EventType "swiss"]
[EventRounds "9"]
[EventCountry "ESP"]
[Source "lmi"]
[SourceDate "2009.08.24"]

1. c4 e5 2. Nc3 Nc6 3. Nf3 Nf6 4. g3 Bb4 5. Bg2 O-O 6. O-O Re8 7. d3 Bxc3 8.
bxc3 e4 9. Nd4 Nxd4 10. cxd4 d5 11. cxd5 Qxd5 12. dxe4 Nxe4 13. e3 Bf5 14. f3
Nc3 15. Qd2 Qc4 16. Bb2 Na4 17. e4 Bc8 18. Rfc1 Qb5 19. Ba3 c6 20. f4 Qh5 21.
Rc4 Nb6 22. Rc5 Qh6 23. Bf3 Rd8 24. Rh5 Qe6 25. f5 Qf6 26. Rd1 Nc4 27. Qb4 Qd6
28. Qxc4 Qxa3 29. Rd3 Qa6 30. Qxa6 bxa6 31. e5 Rb8 32. Bxc6 g6 33. fxg6 hxg6
34. Rh4 Rb1+ 35. Kf2 Rb2+ 36. Ke3 Rxa2 37. d5 Kg7 38. d6 Be6 39. Ra4 Rxh2 40.
Bd5 Rh5 41. Bxe6 Rxe5+ 42. Re4 Rxe6 43. Rxe6 fxe6 44. Ke4 Kf7 45. Ke5 Rh8 46.
Rf3+ Ke8 47. Kxe6 g5 48. Rb3 Rh6+ 49. Ke5 Rh1 50. Rb8+ Kd7 51. Rb7+ Kd8 52.
Rxa7 Ra1 53. Ke6 Re1+ 54. Kf6 Ra1 55. Kxg5 a5 56. Kf6 a4 57. Ke6 Re1+ 58. Kf5
Rf1+ 59. Ke6 Re1+ 60. Kd5 Rg1 61. Kc6 Rc1+ 62. Kb5 Rb1+ 1/2-1/2

[Event "43. Torneo de Ajedrez Villa de Mislata"]
[Site "Mislata ESP"]
[Date "2009.08.26"]
[Round "4.4"]
[White "Komljenovic, Davorin"]
[Black "Battaglini, Gabriel"]
[Result "1-0"]
[WhiteElo "2431"]
[BlackElo "2345"]
[PlyCount "61"]
[EventDate "2009.08.24"]
[EventType "swiss"]
[EventRounds "9"]
[EventCountry "ESP"]
[Source "lmi"]
[SourceDate "2009.08.24"]

1. d4 Nf6 2. c4 e6 3. Nc3 d5 4. Nf3 Bb4 5. e3 O-O 6. Bd3 c5 7. a3 Bxc3+ 8. bxc3
b6 9. O-O Bb7 10. cxd5 exd5 11. dxc5 bxc5 12. Rb1 Qc8 13. c4 dxc4 14. Bxc4 Be4
15. Rb2 Nbd7 16. Nd2 Bg6 17. Qe2 Nb6 18. e4 Qd7 19. Rc2 Nfd5 20. f4 Nf6 21. Bb2
Nxe4 22. Nxe4 Rae8 23. Bb5 Rxe4 24. Bxd7 Rxe2 25. Rxe2 Bd3 26. Re7 Bxf1 27.
Kxf1 c4 28. Bd4 Nd5 29. Re8 Rxe8 30. Bxe8 c3 31. Ba4 1-0

[Event "43. Torneo de Ajedrez Villa de Mislata"]
[Site "Mislata ESP"]
[Date "2009.08.26"]
[Round "4.5"]
[White "Garcia Molla, Victor"]
[Black "Gonzalez Rodriguez, Jorge Armando"]
[Result "0-1"]
[WhiteElo "2328"]
[BlackElo "2429"]
[PlyCount "64"]
[EventDate "2009.08.24"]
[EventType "swiss"]
[EventRounds "9"]
[EventCountry "ESP"]
[Source "lmi"]
[SourceDate "2009.08.24"]

1. d4 Nf6 2. c4 e6 3. Nc3 Bb4 4. e3 Bxc3+ 5. bxc3 d6 6. Bd3 c5 7. Ne2 Nc6 8.
O-O b6 9. e4 e5 10. d5 Ne7 11. Ng3 h6 12. Nh5 Nxh5 13. Qxh5 Ng6 14. g3 Bd7 15.
f4 Qf6 16. f5 Nf8 17. h4 Nh7 18. a4 a5 19. Bd2 O-O-O 20. Rf2 Kc7 21. g4 Qe7 22.
g5 hxg5 23. hxg5 f6 24. Qg4 Nxg5 25. Bxg5 fxg5 26. Rg2 g6 27. Qxg5 Qh7 28. Rf1
gxf5 29. exf5 Rdg8 30. f6 Qh1+ 31. Kf2 Qxg2+ 32. Qxg2 Rxg2+ 0-1

[Event "43. Torneo de Ajedrez Villa de Mislata"]
[Site "Mislata ESP"]
[Date "2009.08.26"]
[Round "4.6"]
[White "Pardo Simon, David"]
[Black "Guerra Mendez, Jose Angel"]
[Result "1/2-1/2"]
[WhiteElo "2321"]
[BlackElo "2408"]
[PlyCount "33"]
[EventDate "2009.08.24"]
[EventType "swiss"]
[EventRounds "9"]
[EventCountry "ESP"]
[Source "lmi"]
[SourceDate "2009.08.24"]

1. e4 e5 2. d4 exd4 3. Qxd4 Nc6 4. Qe3 Bb4+ 5. Bd2 Nf6 6. Nc3 O-O 7. O-O-O Re8
8. Qg3 Rxe4 9. a3 Ba5 10. h4 d6 11. Bd3 Rg4 12. Qh2 Ne5 13. Bf1 Rd4 14. Nge2
Bxc3 15. Nxc3 Be6 16. Nb5 Rd5 17. Nc3 1/2-1/2

[Event "43. Torneo de Ajedrez Villa de Mislata"]
[Site "Mislata ESP"]
[Date "2009.08.26"]
[Round "4.8"]
[White "Bermejo Martinez, Jorge"]
[Black "Mascaro March, Pedro"]
[Result "1/2-1/2"]
[WhiteElo "2240"]
[BlackElo "2382"]
[PlyCount "21"]
[EventDate "2009.08.24"]
[EventType "swiss"]
[EventRounds "9"]
[EventCountry "ESP"]
[Source "lmi"]
[SourceDate "2009.08.24"]

1. e4 e5 2. Nf3 Nc6 3. d4 exd4 4. Bc4 Nf6 5. Ng5 Ne5 6. Bb3 h6 7. f4 hxg5 8.
fxe5 Nxe4 9. Bd5 Nc5 10. O-O Ne6 11. Qf3 1/2-1/2

[Event "43. Torneo de Ajedrez Villa de Mislata"]
[Site "Mislata ESP"]
[Date "2009.08.26"]
[Round "4.9"]
[White "Vitor, Antonio"]
[Black "Del Rio De Angelis, Salvador G"]
[Result "1/2-1/2"]
[WhiteElo "2398"]
[BlackElo "2560"]
[PlyCount "49"]
[EventDate "2009.08.24"]
[EventType "swiss"]
[EventRounds "9"]
[EventCountry "ESP"]
[Source "lmi"]
[SourceDate "2009.08.24"]

1. b3 d5 2. Bb2 c5 3. e3 Nc6 4. Nf3 a6 5. Ne5 Nxe5 6. Bxe5 f6 7. Bb2 e5 8. e4
Ne7 9. exd5 Nxd5 10. Nc3 Be6 11. Bc4 Qd7 12. Nxd5 Bxd5 13. Bxd5 Qxd5 14. Qg4
Qd7 15. Qxd7+ Kxd7 16. O-O Bd6 17. d3 Kc6 18. a4 b6 19. Rfe1 Rad8 20. h3 Bc7
21. g3 Rhe8 22. Kg2 b5 23. Re4 Rb8 24. g4 Red8 25. Bc3 1/2-1/2

[Event "43. Torneo de Ajedrez Villa de Mislata"]
[Site "Mislata ESP"]
[Date "2009.08.26"]
[Round "4.10"]
[White "Dolezal, Cristian"]
[Black "Prie, Eric"]
[Result "1/2-1/2"]
[WhiteElo "2391"]
[BlackElo "2491"]
[PlyCount "128"]
[EventDate "2009.08.24"]
[EventType "swiss"]
[EventRounds "9"]
[EventCountry "ESP"]
[Source "lmi"]
[SourceDate "2009.08.24"]

1. b3 d5 2. e3 Bf5 3. Bb2 e6 4. Nf3 Nf6 5. Nc3 h6 6. g3 c5 7. Bg2 Nc6 8. O-O
Be7 9. d3 O-O 10. Ne2 Qc7 11. Qd2 Rfd8 12. Nh4 Bh7 13. f4 d4 14. f5 e5 15. Bxc6
Qxc6 16. e4 b5 17. Nf3 Bd6 18. h3 c4 19. Bc1 Rac8 20. g4 Nd7 21. Rd1 a5 22. Ng3
cxd3 23. cxd3 Qc3 24. Rb1 Qc2 25. Rb2 Qxd2 26. Rbxd2 Nc5 27. Ne1 f6 28. Rg2 Kf8
29. Bd2 b4 30. Rb1 Bg8 31. h4 Be7 32. Nf1 Bf7 33. g5 fxg5 34. hxg5 Bxg5 35.
Bxg5 hxg5 36. Nd2 Nd7 37. Nc4 Bxc4 38. bxc4 Nc5 39. Rxg5 Rd6 40. Rh5 Kf7 41.
Kf1 Rh6 42. Rxh6 gxh6 43. Rb2 Rb8 44. Rh2 a4 45. Nf3 b3 46. axb3 axb3 47. Nxe5+
Kf6 48. Nf3 b2 49. Rxh6+ Kg7 50. Rg6+ Kf7 51. Nd2 b1=Q+ 52. Nxb1 Rxb1+ 53. Ke2
Rb2+ 54. Kf3 Rd2 55. e5 Rxd3+ 56. Kf4 Re3 57. e6+ Ke7 58. Rg7+ Kd6 59. Ra7 Re4+
60. Kg5 d3 61. Ra1 Kc7 62. Ra7+ Kc8 63. Ra1 d2 64. Rd1 Nxe6+ 1/2-1/2

[Event "43. Torneo de Ajedrez Villa de Mislata"]
[Site "Mislata ESP"]
[Date "2009.08.26"]
[Round "4.11"]
[White "Abreu Delgado, Aryam"]
[Black "Debray, Christopher"]
[Result "0-1"]
[WhiteElo "2487"]
[BlackElo "2328"]
[PlyCount "88"]
[EventDate "2009.08.24"]
[EventType "swiss"]
[EventRounds "9"]
[EventCountry "ESP"]
[Source "lmi"]
[SourceDate "2009.08.24"]

1. e4 c5 2. Nf3 e6 3. d4 cxd4 4. Nxd4 a6 5. c4 Nf6 6. Nc3 Bb4 7. Qf3 Qc7 8. a3
Bd6 9. Qd1 Be5 10. Nde2 Qxc4 11. f4 Bxc3+ 12. Nxc3 Qc6 13. Be3 O-O 14. Rc1 d6
15. Nd5 exd5 16. Rxc6 bxc6 17. exd5 Re8 18. Kd2 Bg4 19. Qb3 Nxd5 20. Bc4 Rxe3
21. Qb7 Re8 22. h3 Nd7 23. hxg4 Nc5 24. Qxc6 Ne4+ 25. Kc1 Nxf4 26. Bxa6 Nc5 27.
Qf3 Rxa6 28. Kb1 Rb8 29. Rd1 g5 30. g3 Rb3 31. Qf1 Nfd3 32. Rxd3 Nxd3 33. Kc2
Rab6 34. Qf6 Ne5 35. Qxg5+ Kf8 36. Qd8+ Kg7 37. Qg5+ Ng6 38. a4 Rxb2+ 39. Kc3
R6b3+ 40. Kc4 Rb4+ 41. Kc3 R2b3+ 42. Kc2 Rxg3 43. a5 Rbxg4 44. Qb5 Rh4 0-1

[Event "43. Torneo de Ajedrez Villa de Mislata"]
[Site "Mislata ESP"]
[Date "2009.08.26"]
[Round "4.12"]
[White "Castella Garcia, Fausto"]
[Black "Gongora Reyes, Maikel"]
[Result "0-1"]
[WhiteElo "2320"]
[BlackElo "2446"]
[PlyCount "82"]
[EventDate "2009.08.24"]
[EventType "swiss"]
[EventRounds "9"]
[EventCountry "ESP"]
[Source "lmi"]
[SourceDate "2009.08.24"]

1. e4 e5 2. Nf3 Nc6 3. Bc4 Nf6 4. d3 Bc5 5. c3 a6 6. Bb3 Ba7 7. Nbd2 O-O 8. h3
d5 9. Qe2 dxe4 10. dxe4 Qe7 11. Nf1 Bd7 12. Bg5 h6 13. Bh4 Na5 14. Bc2 Bb5 15.
Bd3 Bxd3 16. Qxd3 Rad8 17. Qe2 Qe6 18. N1h2 Nc6 19. Bxf6 Qxf6 20. O-O Qe6 21.
b3 Ne7 22. Rad1 Ng6 23. Rxd8 Rxd8 24. Rd1 Rd6 25. Rxd6 cxd6 26. Nd2 Nf4 27. Qf3
b5 28. Ndf1 Qc8 29. c4 b4 30. Ne3 Bxe3 31. Qxe3 Qc5 32. Qf3 Qd4 33. Nf1 Qa1 34.
Qg4 g6 35. g3 Ne6 36. Kg2 Qxa2 37. Qd1 Nd4 38. Qg4 Qxb3 39. Ne3 Qd3 40. Qh4 Kg7
41. Nd5 Qf3+ 0-1

[Event "43. Torneo de Ajedrez Villa de Mislata"]
[Site "Mislata ESP"]
[Date "2009.08.26"]
[Round "4.13"]
[White "Gonzalez Aguirre, Luis"]
[Black "Spassov, Liuben"]
[Result "1/2-1/2"]
[WhiteElo "2163"]
[BlackElo "2427"]
[PlyCount "85"]
[EventDate "2009.08.24"]
[EventType "swiss"]
[EventRounds "9"]
[EventCountry "ESP"]
[Source "lmi"]
[SourceDate "2009.08.24"]

1. c4 b6 2. Nc3 e6 3. e4 Bb7 4. g3 f5 5. d3 Nf6 6. Bg2 Bb4 7. Nge2 fxe4 8. O-O
O-O 9. dxe4 a5 10. h3 Na6 11. e5 Bxg2 12. Kxg2 Ne8 13. Be3 Qc8 14. Qc2 d6 15.
a3 Bxc3 16. Qxc3 dxe5 17. Qxe5 Nd6 18. Bd4 Rf7 19. Rac1 Nf5 20. Bc3 Nc5 21. Nf4
Qb7+ 22. Kg1 Re8 23. Rce1 Qf3 24. b4 axb4 25. axb4 Nd7 26. Qe4 Nh4 27. Re3 Qxe4
28. Rxe4 e5 29. gxh4 Rxf4 30. Rxf4 exf4 31. Rd1 Nf8 32. Rd4 Ne6 33. Rd7 Rd8 34.
Rxd8+ Nxd8 35. Kg2 Kf7 36. Kf3 Ne6 37. Be5 c6 38. Bxf4 Nd4+ 39. Ke4 Nc2 40. b5
cxb5 41. cxb5 Na3 42. Be3 Nxb5 43. Bxb6 1/2-1/2

[Event "43. Torneo de Ajedrez Villa de Mislata"]
[Site "Mislata ESP"]
[Date "2009.08.26"]
[Round "4.15"]
[White "Vassallo Barroche, Mauricio"]
[Black "Martinez Tormo, Jorge"]
[Result "1-0"]
[WhiteElo "2409"]
[BlackElo "2169"]
[PlyCount "147"]
[EventDate "2009.08.24"]
[EventType "swiss"]
[EventRounds "9"]
[EventCountry "ESP"]
[Source "lmi"]
[SourceDate "2009.08.24"]

1. d4 d5 2. c4 c6 3. Nf3 Nf6 4. Nc3 g6 5. e3 Bg7 6. Bd3 O-O 7. h3 a6 8. O-O b5
9. b3 Bb7 10. Bb2 Nbd7 11. Qe2 Re8 12. Rfe1 Rc8 13. Rab1 Qc7 14. a3 Qb8 15. Na2
e6 16. a4 bxa4 17. bxa4 dxc4 18. Bxc4 Qa8 19. Ba3 c5 20. Rxb7 Qxb7 21. Bxa6 Qa7
22. Bxc8 Rxc8 23. Qc2 Nd5 24. Rc1 c4 25. e4 Nf4 26. Re1 Nb6 27. Nc3 Qa5 28. Kf1
Rd8 29. Rb1 Bxd4 30. Nxd4 Rxd4 31. Rb5 Qxc3 32. Qxc3 Rd1+ 33. Qe1 Rxe1+ 34.
Kxe1 Nxa4 35. Ra5 Nc3 36. Ra8+ Kg7 37. Bb2 Nd3+ 38. Kd2 Nxb2 39. Kxc3 Nd1+ 40.
Kxc4 Nxf2 41. Kd4 Nh1 42. g4 h5 43. gxh5 gxh5 44. Ra3 h4 45. Rf3 Ng3 46. Ke5
Nh5 47. Rf2 Kg6 48. Rg2+ Ng3 49. Kf4 Kh5 50. Rc2 Kg6 51. e5 Nf5 52. Rc6 Ne7 53.
Ra6 Nf5 54. Ra8 Ne7 55. Rb8 Kh6 56. Kg4 Nf5 57. Rg8 Ne7 58. Rh8+ Kg7 59. Rxh4
Ng6 60. Rh5 f5+ 61. exf6+ Kxf6 62. Rh6 Kg7 63. Kg5 Nf8 64. Rh4 Nh7+ 65. Kf4 Nf8
66. Rg4+ Kf6 67. Ke4 Ng6 68. h4 Ne7 69. h5 Nf5 70. Rg6+ Kf7 71. Ke5 Ng7 72. Rg5
Nf5 73. Rg1 Nh6 74. Rg6 1-0

[Event "43. Torneo de Ajedrez Villa de Mislata"]
[Site "Mislata ESP"]
[Date "2009.08.26"]
[Round "4.16"]
[White "Del Rey, Diego"]
[Black "Montoliu Cervero, Francisco"]
[Result "0-1"]
[WhiteElo "2420"]
[BlackElo "2063"]
[PlyCount "90"]
[EventDate "2009.08.24"]
[EventType "swiss"]
[EventRounds "9"]
[EventCountry "ESP"]
[Source "lmi"]
[SourceDate "2009.08.24"]

1. d4 d5 2. c4 c6 3. Nf3 Nf6 4. e3 a6 5. c5 Bf5 6. Nc3 Nbd7 7. Nh4 Bg6 8. f4 e6
9. Nxg6 hxg6 10. Bd3 b6 11. b4 a5 12. b5 cxb5 13. c6 Nb8 14. Bxb5 Qc7 15. Qa4
Bb4 16. Bd2 O-O 17. Rc1 Rc8 18. O-O Bxc3 19. Bxc3 Ne4 20. Bb4 Na6 21. Ba3 Qa7
22. Rc2 Nc7 23. Bd3 Rab8 24. Bb5 Nxb5 25. Qxb5 Qc7 26. Rfc1 f6 27. g4 f5 28.
Rg2 Kf7 29. h4 Nf6 30. g5 Ne4 31. h5 Rh8 32. hxg6+ Kxg6 33. Rh2 Rxh2 34. Kxh2
Nxg5 35. Qe2 Rh8+ 36. Kg2 Ne4 37. Qa6 Qd8 38. Rg1 Qh4 39. Kf1+ Kh6 40. Qe2 Ng3+
41. Rxg3 Qxg3 42. c7 Kg6 43. Qg2 Qxg2+ 44. Kxg2 Rc8 45. Bd6 b5 0-1

[Event "43. Torneo de Ajedrez Villa de Mislata"]
[Site "Mislata ESP"]
[Date "2009.08.26"]
[Round "4.17"]
[White "Vargas, Freddy Giovanny"]
[Black "Fernandez Cardoso, Alexey"]
[Result "0-1"]
[WhiteElo "2070"]
[BlackElo "2419"]
[PlyCount "58"]
[EventDate "2009.08.24"]
[EventType "swiss"]
[EventRounds "9"]
[EventCountry "ESP"]
[Source "lmi"]
[SourceDate "2009.08.24"]

1. d4 d5 2. c4 c6 3. Nc3 Nf6 4. Nf3 e6 5. Bg5 h6 6. Bf4 dxc4 7. Bd2 b5 8. a4
Bd7 9. e3 Bd6 10. Qc2 O-O 11. e4 Be7 12. Be2 Na6 13. Na2 Bc8 14. O-O Bb7 15.
Rfe1 Nc7 16. Rad1 a6 17. h3 c5 18. e5 Be4 19. Qc1 Nfd5 20. Ba5 Qc8 21. dxc5
Bxc5 22. Nd2 Bg6 23. b3 cxb3 24. Nxb3 Ba7 25. Nb4 bxa4 26. Nxd5 Nxd5 27. Qxc8
Rfxc8 28. Bxa6 Bxf2+ 29. Kxf2 Rxa6 0-1

[Event "43. Torneo de Ajedrez Villa de Mislata"]
[Site "Mislata ESP"]
[Date "2009.08.26"]
[Round "4.18"]
[White "Marholev, Dimitar"]
[Black "Echeverria, Nestor"]
[Result "1/2-1/2"]
[WhiteElo "2364"]
[BlackElo "2025"]
[PlyCount "75"]
[EventDate "2009.08.24"]
[EventType "swiss"]
[EventRounds "9"]
[EventCountry "ESP"]
[Source "lmi"]
[SourceDate "2009.08.24"]

1. e4 e5 2. Nf3 Nf6 3. Nc3 Nc6 4. a3 a6 5. d4 exd4 6. Nxd4 Nxe4 7. Nxe4 Qe7 8.
f3 d5 9. Nxc6 bxc6 10. Bd3 dxe4 11. fxe4 Qh4+ 12. g3 Qh3 13. Qf3 Bg4 14. Qf2
Bd6 15. Bf4 O-O 16. Kd2 Rab8 17. b4 a5 18. bxa5 Qh5 19. Bxd6 cxd6 20. Qd4 Qxa5+
21. Ke3 Qg5+ 22. Kf2 Qd2+ 23. Kg1 Bf3 24. Qf2 Qxf2+ 25. Kxf2 Bxh1 26. Rxh1 Ra8
27. Ra1 Rfb8 28. a4 Ra5 29. Ra3 Rb4 30. Rc3 Rb6 31. Bb5 Ra8 32. Rxc6 Rxc6 33.
Bxc6 Rc8 34. Bd5 Rxc2+ 35. Kg1 Rc5 36. Kf2 Ra5 37. Bb3 Rc5 38. Bd5 1/2-1/2